000 00368nam a2200145Ia 4500
008 230312s9999||||xx |||||||||||||| ||und||
020 _a988-15660-0-3
082 _a725.71
_bGEO-R
100 _aGeo;arthur
245 0 _a100 Restaurant design principles
260 _bTalisman
_aHong kong
_c2012
300 _a413
650 _aArchitecture
_vArchitecture
942 _cBK
999 _c12694
_d12694